000 00901nam a22002537a 4500
001 ENG-90277
003 dpl
005 20080603103024.0
008 080603t xxu||||| |||| 00| 0 eng d
010 _aENG-90459
020 _a8120334243
_c195.00
035 _aEN-73992
037 _bDBAD / PUB
040 _aDPL
_bEN
082 _a005.133 / KAR
100 _aKarthikeyan, E.
245 _aA text book on C :
_cby E. karthikeyan
_bfundamentals, data structures and problem solving /
260 _aNew Delhi
_bPrentice- Hall of India
_c2008
270 _aM-97, Cannought Circus
_bNew Delhi
_e110 001
300 _aix, 294p.
_c24 cm. (Pbk)
500 _aIncludes Index
942 _2ddc
_cEN
_h005.133
_mKAR
999 _c14229
_d14229